[Event "White Tower rapid op"]
[Site "Thessaloniki"]
[Date "2017.12.29"]
[Round "2"]
[White "Stavrakis, Hristos"]
[Black "Hadzimanolis, Antonios"]
[Result "0-1"]
[WhiteElo "1483"]
[BlackElo "2271"]
[PlyCount "50"]
[EventDate "2017.12.28"]
[EventType "swiss (rapid)"]
[EventRounds "9"]
[EventCountry "GRE"]
[SourceTitle "CBM 182 Extra"]
[Source "ChessBase"]
[SourceDate "2018.02.23"]
[SourceVersion "1"]
[SourceVersionDate "2018.02.23"]
[SourceQuality "1"]

1. d4 Nf6 2. c4 e6 3. Nc3 Bb4 4. Bd2 d5 5. e3 0-0 6. Nf3 c6 7. Bd3 Nbd7 8. 0-0 Bd6 9. Rc1 dxc4 10. Bxc4 e5 11. Bd3 Qe7 12. dxe5 Nxe5 13. Bb1 Bg4 14. Ne4 Nxe4 15. Bxe4 f5 16. Qb3+ Kh8 17. Nxe5 Qxe5 18. f4 Qxe4 19. Qxb7 c5 20. Qd7 Rfd8 21. Qf7 Qe7 22. Qc4 Bxf4 23. Rxf4 Rxd2 24. h3 Qxe3+ 25. Kf1 Be2+ 0-1